[Event "Titled Tuesday intern op 07th Dec"]
[Site "Chess.com INT"]
[Date "2021.12.07"]
[Round "4"]
[White "Chan, Kim Yew"]
[Black "Haring, Viktor"]
[Result "1-0"]
[WhiteElo "2306"]
[BlackElo "2283"]
[PlyCount "43"]
[EventDate "2021.12.07"]
[EventType "swiss (blitz)"]
[EventRounds "11"]
[EventCountry "USA"]
[SourceTitle "CBM 205 Extra"]
[Source "ChessBase"]
[SourceDate "2022.01.31"]
[SourceVersion "1"]
[SourceVersionDate "2022.01.31"]
[SourceQuality "1"]

1. b3 e5 2. Bb2 Nc6 3. Nf3 d6 4. e3 Nf6 5. d4 exd4 6. Nxd4 g6 7. Nxc6 bxc6 8. c4 Bg7 9. Nc3 0-0 10. Be2 Bd7 11. Bf3 Re8 12. 0-0 Qc8 13. Ne2 Rb8 14. c5 d5 15. Qd2 Bg4 16. Bxg4 Nxg4 17. Bxg7 Kxg7 18. h3 Nf6 19. Qa5 Qb7 20. Nd4 Ne4 21. Rac1 Qa6 22. Qxa6 1-0

[Event "Titled Tuesday intern op 07th Dec"]
[Site "Chess.com INT"]
[Date "2021.12.07"]
[Round "5"]
[White "Haring, Viktor"]
[Black "Bruned, Boris"]
[Result "0-1"]
[WhiteElo "2283"]
[BlackElo "2133"]
[PlyCount "50"]
[EventDate "2021.12.07"]
[EventType "swiss (blitz)"]
[EventRounds "11"]
[EventCountry "USA"]
[SourceTitle "CBM 205 Extra"]
[Source "ChessBase"]
[SourceDate "2022.01.31"]
[SourceVersion "1"]
[SourceVersionDate "2022.01.31"]
[SourceQuality "1"]

1. e4 b6 2. d4 Bb7 3. Bd3 e6 4. Qe2 d5 5. Nd2 Nf6 6. Ngf3 dxe4 7. Nxe4 Nbd7 8. Nxf6+ Nxf6 9. 0-0 Be7 10. Rd1 0-0 11. Bf4 Rc8 12. Ne5 Qd5 13. Qf1 Kh8 14. Be2 Qd8 15. c4 Nd7 16. Bf3 Bxf3 17. Nxf3 Bd6 18. Be3 Qe7 19. a3 c5 20. Rac1 cxd4 21. Nxd4 a6 22. g3 Bc5 23. Qg2 a5 24. Nc6 Qe8 25. Bxc5 Nxc5 0-1

[Event "SVK-chT 2122"]
[Site "Slovakia"]
[Date "2021.10.23"]
[Round "1.6"]
[White "Toth, Ervin"]
[Black "Haring, Viktor"]
[Result "1-0"]
[WhiteElo "2439"]
[BlackElo "2285"]
[PlyCount "67"]
[EventDate "2021.10.23"]
[EventType "team-tourn"]
[EventRounds "11"]
[EventCountry "SVK"]
[SourceTitle "CBM 204 Extra"]
[Source "ChessBase"]
[SourceDate "2021.11.30"]
[SourceVersion "1"]
[SourceVersionDate "2021.11.30"]
[SourceQuality "1"]
[WhiteTeam "Cebovce"]
[BlackTeam "Liptov Chess School"]
[WhiteTeamCountry "SVK"]
[BlackTeamCountry "SVK"]

1. d4 Nf6 2. c4 e6 3. Nc3 Bb4 4. a3 Bxc3+ 5. bxc3 c5 6. e3 Nc6 7. Bd3 b6 8. Ne2 0-0 9. e4 Ne8 10. 0-0 Ba6 11. f4 f5 12. exf5 exf5 13. Ng3 g6 14. Be3 d6 15. Qf3 Na5 16. Rad1 Qc8 17. Rfe1 Nf6 18. Bf2 Bxc4 19. Bxc4+ Nxc4 20. dxc5 dxc5 21. Qe2 Na5 22. Rd6 Qc7 23. Red1 Qf7 24. Nf1 Nc4 25. Rxf6 Qxf6 26. Qxc4+ Qf7 27. Qxf7+ Kxf7 28. Bh4 Rfe8 29. Rd7+ Ke6 30. Rd3 Kf7 31. Nd2 b5 32. Nf3 Re2 33. Rd7+ Kg8 34. Bf6 1-0

[Event "Titled Tuesday intern op 29th Dec"]
[Site "Chess.com INT"]
[Date "2020.12.29"]
[Round "4"]
[White "Jolly, Jean Francois"]
[Black "Haring, Viktor"]
[Result "1-0"]
[WhiteElo "2378"]
[BlackElo "2285"]
[PlyCount "69"]
[EventDate "2020.12.29"]
[EventType "swiss (blitz)"]
[EventRounds "11"]
[EventCountry "USA"]
[SourceTitle "CBM 200 Extra"]
[Source "ChessBase"]
[SourceDate "2021.03.31"]
[SourceVersion "1"]
[SourceVersionDate "2021.03.31"]
[SourceQuality "1"]

1. c4 e5 2. g3 Nf6 3. Bg2 d5 4. cxd5 Nxd5 5. Nf3 Nc6 6. 0-0 Be7 7. d4 e4 8. Ne5 Bf5 9. Qa4 0-0 10. Nxc6 bxc6 11. Qxc6 Nb4 12. Qa4 Qxd4 13. a3 Bd7 14. Qd1 Qxd1 15. Rxd1 Ba4 16. Rd4 Nc2 17. Rxa4 Nxa1 18. Bxe4 Rab8 19. Rxa7 Nb3 20. Bf4 Bd6 21. Bxd6 cxd6 22. Bd5 Nd4 23. b4 Nxe2+ 24. Kf1 Nd4 25. Nc3 Nb5 26. Nxb5 Rxb5 27. Bc6 Rb6 28. b5 Rbb8 29. a4 f6 30. a5 Rfc8 31. Bd5+ Kh8 32. b6 h5 33. b7 Re8 34. Ra8 Kh7 35. a6 1-0

[Event "SVK-chT1E 1920"]
[Site "Slovakia"]
[Date "2020.06.21"]
[Round "11.2"]
[White "Straka, Jozef1111"]
[Black "Haring, Viktor"]
[Result "1-0"]
[WhiteElo "2313"]
[BlackElo "2285"]
[PlyCount "81"]
[EventDate "2019.10.12"]
[EventType "team-tourn"]
[EventRounds "11"]
[EventCountry "SVK"]
[SourceTitle "EXT 2022"]
[Source "ChessBase"]
[SourceDate "2021.10.06"]
[SourceVersion "1"]
[SourceVersionDate "2021.10.06"]
[SourceQuality "1"]
[WhiteTeam "Cadca"]
[BlackTeam "Banska Bystrica Junior"]
[WhiteTeamCountry "SVK"]
[BlackTeamCountry "SVK"]

1. d4 Nf6 2. Nf3 e6 3. Bf4 c5 4. c3 Nc6 5. e3 b6 6. Nbd2 Bb7 7. Nc4 cxd4 8. exd4 d6 9. Bd3 Be7 10. 0-0 0-0 11. Re1 Rc8 12. a4 Nb8 13. h3 g6 14. Qe2 Qd7 15. Bh2 Rfe8 16. Ncd2 Nc6 17. b4 Nd5 18. Rec1 e5 19. Bc4 Nc7 20. dxe5 a6 21. Qe3 d5 22. Bd3 d4 23. Nxd4 Rcd8 24. N2f3 Nxd4 25. Nxd4 Qd5 26. f3 Qd7 27. Bc4 Nd5 28. Bxd5 Qxd5 29. Rd1 a5 30. Rab1 axb4 31. cxb4 Bf6 32. Qb3 Bxe5 33. Qxd5 Bxh2+ 34. Kxh2 Rxd5 35. Nb5 Rxd1 36. Rxd1 Re2 37. Kg3 Ra2 38. Rd6 Ba6 39. Nc3 Rc2 40. Rxb6 Bf1 41. Ne4 1-0

[Event "EU-ch Online 2300+ Qual"]
[Site "Chess.com INT"]
[Date "2020.05.29"]
[Round "6"]
[White "Haring, Viktor"]
[Black "Blazeka, Matej"]
[Result "0-1"]
[WhiteElo "2298"]
[BlackElo "2349"]
[PlyCount "96"]
[EventDate "2020.05.29"]
[EventType "swiss"]
[EventRounds "8"]
[EventCountry "NET"]
[SourceTitle "CBM 196 Extra"]
[Source "ChessBase"]
[SourceDate "2020.07.31"]
[SourceVersion "1"]
[SourceVersionDate "2020.07.31"]
[SourceQuality "1"]

1. e4 e5 2. Nf3 Nc6 3. Bb5 a6 4. Ba4 Nge7 5. 0-0 g6 6. c3 Bg7 7. d4 exd4 8. cxd4 b5 9. Bb3 0-0 10. Nc3 d6 11. h3 Na5 12. Bc2 c5 13. Bf4 cxd4 14. Nxd4 Bb7 15. b3 Rc8 16. Nce2 d5 17. exd5 Qxd5 18. f3 Rfd8 19. Be3 Qe5 20. Bf2 Nd5 21. Be4 Nc3 22. Nxc3 Rxc3 23. Qe1 b4 24. Bxb7 Nxb7 25. Rd1 Qxe1 26. Rfxe1 Nc5 27. Nc6 Rxd1 28. Rxd1 Nd3 29. Ne7+ Kf8 30. Nd5 Nxf2 31. Nxc3 Nxd1 32. Nxd1 Bd4+ 33. Kf1 Ke7 34. Ke2 Kd6 35. Ne3 Bxe3 36. Kxe3 Ke5 37. g4 h5 38. f4+ Kd5 39. Kd3 hxg4 40. hxg4 f6 41. Ke3 g5 42. fxg5 fxg5 43. Kd3 a5 44. Ke3 Ke5 45. Kf3 Kd4 46. Kg3 Ke3 47. Kg2 Kf4 48. Kh3 Kf3 0-1

[Event "EU-ch Online 2300+ Qual"]
[Site "Chess.com INT"]
[Date "2020.05.29"]
[Round "8"]
[White "Haring, Viktor"]
[Black "Levin, Guy"]
[Result "0-1"]
[WhiteElo "2298"]
[BlackElo "2213"]
[PlyCount "56"]
[EventDate "2020.05.29"]
[EventType "swiss"]
[EventRounds "8"]
[EventCountry "NET"]
[SourceTitle "CBM 196 Extra"]
[Source "ChessBase"]
[SourceDate "2020.07.31"]
[SourceVersion "1"]
[SourceVersionDate "2020.07.31"]
[SourceQuality "1"]

1. e4 c5 2. Nf3 d6 3. d4 cxd4 4. Nxd4 Nf6 5. Nc3 a6 6. Be3 e5 7. Nb3 Be7 8. Qd2 0-0 9. 0-0-0 Be6 10. f4 Ng4 11. g3 Nd7 12. Bg1 b5 13. Nd5 Bxd5 14. Qxd5 Qc7 15. Qd2 Ngf6 16. Qg2 a5 17. Bxb5 a4 18. Nd2 a3 19. Nb3 axb2+ 20. Kxb2 Rfb8 21. a4 Nc5 22. Bxc5 dxc5 23. Qe2 exf4 24. gxf4 Qxf4 25. e5 Ne4 26. Rhe1 Qxe5+ 27. Kc1 Bg5+ 28. Kb1 Nc3+ 0-1

[Event "EU-ch Online 2300+ Qual"]
[Site "Chess.com INT"]
[Date "2020.05.29"]
[Round "4"]
[White "Haring, Viktor"]
[Black "Shirazi, Kamran"]
[Result "1-0"]
[WhiteElo "2298"]
[BlackElo "2355"]
[PlyCount "187"]
[EventDate "2020.05.29"]
[EventType "swiss"]
[EventRounds "8"]
[EventCountry "NET"]
[SourceTitle "CBM 196 Extra"]
[Source "ChessBase"]
[SourceDate "2020.07.31"]
[SourceVersion "1"]
[SourceVersionDate "2020.07.31"]
[SourceQuality "1"]

1. e4 d6 2. d4 Nd7 3. Nf3 e5 4. Nc3 Ngf6 5. Bc4 Be7 6. 0-0 0-0 7. a4 a5 8. Re1 c6 9. Bb3 exd4 10. Nxd4 Nc5 11. Ba2 Re8 12. h3 h6 13. Bf4 Bf8 14. Qf3 Ne6 15. Be3 Nxd4 16. Bxd4 Be6 17. Rad1 Bxa2 18. Nxa2 Nd7 19. Nc3 Ne5 20. Qg3 Ng6 21. Nb1 Qd7 22. Nd2 c5 23. Bc3 Qxa4 24. b3 Qc6 25. Nc4 Rxe4 26. Nxa5 Rxe1+ 27. Rxe1 Qd5 28. Nc4 Qf5 29. Ne3 Qg5 30. Qf3 Ra2 31. Qxb7 Nh4 32. Qe4 d5 33. Qxd5 Qxd5 34. Nxd5 Rxc2 35. Re8 f6 36. g3 Nf3+ 37. Kg2 Nd4 38. Rb8 Ne2 39. Ba5 Kf7 40. Rb7+ Ke6 41. Nc7+ Kf5 42. Nb5 g5 43. Rf7 Ra2 44. Bb6 Nd4 45. Nxd4+ cxd4 46. Rxf8 d3 47. Rd8 Rb2 48. Kf3 Rxb3 49. Be3 Ke6 50. Bd2 f5 51. Ke3 f4+ 52. gxf4 gxf4+ 53. Kxf4 Ke7 54. Rd4 h5 55. Ke3 Ke6 56. Rxd3 Rb1 57. Kf4 Rg1 58. Rg3 Rd1 59. Be3 Kf6 60. Rg8 Rh1 61. Rg3 h4 62. Rf3 Rb1 63. Kg4+ Kg6 64. Kxh4 Rb4+ 65. Kg3 Rb1 66. h4 Kh5 67. Rf5+ Kg6 68. Rg5+ Kh7 69. h5 Rh1 70. Ra5 Kg7 71. Kg4 Rg1+ 72. Kf5 Rh1 73. Ra7+ Kg8 74. h6 Rg1 75. Kf6 Kh8 76. Bg5 Rb1 77. f4 Rb6+ 78. Kf5 Kg8 79. h7+ Kh8 80. Kg4 Rg6 81. Ra8+ Kxh7 82. f5 Rg7 83. Kh5 Rf7 84. f6 Rb7 85. Re8 Rb5 86. f7 Rf5 87. f8Q Rxg5+ 88. Kh4 Rh5+ 89. Kg4 Rg5+ 90. Kf4 Rf5+ 91. Qxf5+ Kh6 92. Re6+ Kg7 93. Qg6+ Kh8 94. Re8# 1-0

[Event "EU-ch Online 2300+ Qual"]
[Site "Chess.com INT"]
[Date "2020.05.29"]
[Round "5"]
[White "Milanovic, Danilo"]
[Black "Haring, Viktor"]
[Result "1-0"]
[WhiteElo "2455"]
[BlackElo "2298"]
[PlyCount "53"]
[EventDate "2020.05.29"]
[EventType "swiss"]
[EventRounds "8"]
[EventCountry "NET"]
[SourceTitle "CBM 196 Extra"]
[Source "ChessBase"]
[SourceDate "2020.07.31"]
[SourceVersion "1"]
[SourceVersionDate "2020.07.31"]
[SourceQuality "1"]

1. d4 Nf6 2. c4 e6 3. Nc3 Bb4 4. e3 d5 5. cxd5 exd5 6. Bd3 0-0 7. Nge2 Re8 8. 0-0 c6 9. f3 Nbd7 10. Qe1 Nf8 11. Qf2 Bd6 12. Kh1 c5 13. Bd2 Ng6 14. Rad1 b6 15. Bc1 Bb7 16. g4 Qe7 17. g5 Nd7 18. f4 cxd4 19. exd4 Bc7 20. f5 Nge5 21. Bb1 Ng4 22. Qh4 Qd6 23. Bf4 Nge5 24. Nb5 Qc6 25. Nxc7 Qxc7 26. f6 Ng6 27. Bxg6 1-0

[Event "EU-ch Online 2300+ Qual"]
[Site "Chess.com INT"]
[Date "2020.05.29"]
[Round "1"]
[White "Perunovic, Milos"]
[Black "Haring, Viktor"]
[Result "1-0"]
[WhiteElo "2585"]
[BlackElo "2298"]
[PlyCount "53"]
[EventDate "2020.05.29"]
[EventType "swiss"]
[EventRounds "8"]
[EventCountry "NET"]
[SourceTitle "CBM 196 Extra"]
[Source "ChessBase"]
[SourceDate "2020.07.31"]
[SourceVersion "1"]
[SourceVersionDate "2020.07.31"]
[SourceQuality "1"]

1. e4 c5 2. Nf3 Nc6 3. Nc3 Nf6 4. Bb5 Qc7 5. 0-0 Nd4 6. Re1 Ng4 7. e5 Nxf3+ 8. Qxf3 Nxe5 9. Qg3 f6 10. d3 a6 11. Ba4 b5 12. Bb3 Bb7 13. f4 Nc6 14. Be3 Nd4 15. Bxd4 cxd4 16. Ne4 e6 17. a4 b4 18. Rac1 Kf7 19. Qg4 Bxe4 20. Rxe4 g6 21. f5 gxf5 22. Qxf5 Qc5 23. Bxe6+ dxe6 24. Qxe6+ Kg7 25. Rg4+ Kh6 26. Qxf6+ Kh5 27. Rh4# 1-0

[Event "EU-ch Online U2300 Final"]
[Site "Chess.com INT"]
[Date "2020.05.26"]
[Round "2"]
[White "Bivol, Alina"]
[Black "Haring, Viktor"]
[Result "1-0"]
[WhiteElo "2386"]
[BlackElo "2298"]
[PlyCount "61"]
[EventDate "2020.05.26"]
[EventType "swiss"]
[EventRounds "8"]
[EventCountry "NET"]
[SourceTitle "CBM 196 Extra"]
[Source "ChessBase"]
[SourceDate "2020.07.31"]
[SourceVersion "1"]
[SourceVersionDate "2020.07.31"]
[SourceQuality "1"]

1. Nf3 Nf6 2. g3 d5 3. Bg2 c6 4. 0-0 Bg4 5. h3 Bxf3 6. Bxf3 e6 7. d3 Nbd7 8. e4 Be7 9. Bg2 h5 10. Qe2 Qc7 11. f4 Bc5+ 12. Kh1 0-0-0 13. e5 Ne8 14. c3 g6 15. b4 Be7 16. Be3 Kb8 17. a4 Ng7 18. Bf2 Nf5 19. Nd2 g5 20. fxg5 Qxe5 21. Qxe5+ Nxe5 22. b5 Nxd3 23. bxc6 bxc6 24. Nb3 Bxg5 25. Nd4 Nxf2+ 26. Rxf2 Be3 27. Nxc6+ Kc7 28. Rxf5 Kxc6 29. Rxf7 Rhg8 30. Re1 Rxg3 31. Bf3 1-0

[Event "EU-ch Online U2300 Qual"]
[Site "Chess.com INT"]
[Date "2020.05.25"]
[Round "6"]
[White "Haring, Viktor"]
[Black "Matic, Zeljko"]
[Result "1-0"]
[WhiteElo "2298"]
[BlackElo "2144"]
[PlyCount "75"]
[EventDate "2020.05.25"]
[EventType "swiss"]
[EventRounds "8"]
[EventCountry "NET"]
[SourceTitle "EXT 2021"]
[Source "ChessBase"]
[SourceDate "2020.10.23"]
[SourceVersion "1"]
[SourceVersionDate "2020.10.23"]
[SourceQuality "1"]

1. e4 d5 2. exd5 Qxd5 3. Nc3 Qd6 4. d4 Nf6 5. Nf3 a6 6. Bg5 Nbd7 7. Be2 b5 8. 0-0 Bb7 9. Bh4 e6 10. Bg3 Qb6 11. a4 b4 12. a5 Qa7 13. Na4 Bd6 14. c4 bxc3 15. bxc3 0-0 16. c4 Rfd8 17. Qc1 Rab8 18. c5 Bxg3 19. hxg3 Bc6 20. Nb2 Rb4 21. Nd3 Bxf3 22. Nxb4 Bxe2 23. Nc6 Qa8 24. Nxd8 Bxf1 25. Qxf1 Qxd8 26. Qxa6 Nf8 27. Qc4 Qa8 28. a6 N6d7 29. Qb4 c6 30. a7 f6 31. Qa5 Kf7 32. Qc7 g5 33. Rb1 Kg6 34. Rb8 Nxb8 35. axb8Q Qa1+ 36. Kh2 Qd1 37. Qe8+ Kf5 38. Qcxc6 1-0

[Event "EU-ch Online U2300 Qual"]
[Site "Chess.com INT"]
[Date "2020.05.25"]
[Round "4"]
[White "Haring, Viktor"]
[Black "Megalios, Konstantinos"]
[Result "1-0"]
[WhiteElo "2298"]
[BlackElo "2401"]
[PlyCount "71"]
[EventDate "2020.05.25"]
[EventType "swiss"]
[EventRounds "8"]
[EventCountry "NET"]
[SourceTitle "EXT 2021"]
[Source "ChessBase"]
[SourceDate "2020.10.23"]
[SourceVersion "1"]
[SourceVersionDate "2020.10.23"]
[SourceQuality "1"]

1. e4 e5 2. Nf3 Nc6 3. Bb5 g6 4. c3 a6 5. Ba4 Bg7 6. 0-0 Nge7 7. d4 exd4 8. cxd4 0-0 9. Nc3 b5 10. Bb3 d6 11. h3 Na5 12. Bc2 c5 13. Bf4 cxd4 14. Nxd4 Bb7 15. Re1 Rc8 16. Rc1 Nc4 17. b3 Na3 18. Qd2 b4 19. Nce2 Nxc2 20. Rxc2 Rxc2 21. Qxc2 Qb6 22. Qd3 Rc8 23. Nf3 Rd8 24. Ned4 Nc6 25. Nxc6 Qxc6 26. e5 h6 27. exd6 g5 28. Bg3 Qc3 29. Rd1 Qxd3 30. Rxd3 f5 31. Be5 Bxf3 32. Bxg7 Be4 33. Bf6 Bxd3 34. Bxd8 Kf7 35. Ba5 Bb1 36. d7 1-0

[Event "EU-ch Online U2300 Qual"]
[Site "Chess.com INT"]
[Date "2020.05.25"]
[Round "7"]
[White "Heinmets, Tonu"]
[Black "Haring, Viktor"]
[Result "0-1"]
[WhiteElo "1886"]
[BlackElo "2298"]
[PlyCount "50"]
[EventDate "2020.05.25"]
[EventType "swiss"]
[EventRounds "8"]
[EventCountry "NET"]
[SourceTitle "EXT 2021"]
[Source "ChessBase"]
[SourceDate "2020.10.23"]
[SourceVersion "1"]
[SourceVersionDate "2020.10.23"]
[SourceQuality "1"]

1. Nf3 Nf6 2. g3 d5 3. Bg2 c6 4. 0-0 Bg4 5. d3 Nbd7 6. Nbd2 e6 7. c3 Be7 8. a3 0-0 9. b4 a5 10. Bb2 Qc7 11. Qb3 e5 12. e4 dxe4 13. dxe4 Be6 14. Qc2 h6 15. Rfd1 Rfd8 16. Nb3 a4 17. Nbd2 c5 18. c4 cxb4 19. axb4 Bxb4 20. Rxa4 Rxa4 21. Qxa4 Be7 22. Qb5 Bc5 23. Nb3 Bxc4 24. Bxe5 Nxe5 25. Rxd8+ Qxd8 0-1

[Event "EU-ch Online U2300 Qual"]
[Site "Chess.com INT"]
[Date "2020.05.25"]
[Round "2"]
[White "Ohanyan, Emin"]
[Black "Haring, Viktor"]
[Result "0-1"]
[WhiteElo "2291"]
[BlackElo "2298"]
[PlyCount "68"]
[EventDate "2020.05.25"]
[EventType "swiss"]
[EventRounds "8"]
[EventCountry "NET"]
[SourceTitle "EXT 2021"]
[Source "ChessBase"]
[SourceDate "2020.10.23"]
[SourceVersion "1"]
[SourceVersionDate "2020.10.23"]
[SourceQuality "1"]

1. e4 c5 2. Nf3 Nc6 3. Nc3 Nf6 4. d4 cxd4 5. Nxd4 e5 6. Ndb5 d6 7. Bg5 a6 8. Na3 b5 9. Bxf6 gxf6 10. Nd5 f5 11. c3 Bg7 12. exf5 Bxf5 13. Nc2 0-0 14. Nce3 Be6 15. Bd3 f5 16. 0-0 Kh8 17. a4 bxa4 18. Rxa4 a5 19. Bc2 Ne7 20. Nxe7 Qxe7 21. Bb3 Bd7 22. Nd5 Qg5 23. Ra2 Bc6 24. g3 f4 25. Nc7 fxg3 26. hxg3 Bf3 27. Qxf3 Rxf3 28. Nxa8 e4 29. Bd1 Rf8 30. Nc7 e3 31. Ne6 exf2+ 32. Rxf2 Qxg3+ 33. Rg2 Qe1+ 34. Kh2 Be5+ 0-1

[Event "SVK-chT2C 1920"]
[Site "Slovakia"]
[Date "2020.03.08"]
[Round "11.1"]
[White "Haring, Viktor"]
[Black "Lednicky, Martin"]
[Result "1-0"]
[WhiteElo "2270"]
[BlackElo "2186"]
[PlyCount "77"]
[EventDate "2019.10.26"]
[EventType "team-tourn"]
[EventRounds "11"]
[EventCountry "SVK"]
[SourceTitle "CBM 195 Extra"]
[Source "ChessBase"]
[SourceDate "2020.05.31"]
[SourceVersion "1"]
[SourceVersionDate "2020.05.31"]
[SourceQuality "1"]
[WhiteTeam "Detva"]
[BlackTeam "Rajecke Teplice"]
[WhiteTeamCountry "SVK"]
[BlackTeamCountry "SVK"]

1. e4 e6 2. d4 d5 3. Nd2 Nf6 4. e5 Nfd7 5. Bd3 c5 6. c3 Nc6 7. Ne2 cxd4 8. cxd4 f6 9. exf6 Nxf6 10. Nf3 Qc7 11. 0-0 Bd6 12. Bg5 0-0 13. Bh4 Nh5 14. Qc2 h6 15. Bh7+ Kh8 16. Bg6 Nf4 17. Nxf4 Bxf4 18. Bg3 Qb6 19. Qc3 Bxg3 20. hxg3 Bd7 21. Rad1 Be8 22. Bb1 Bh5 23. Qd3 Rf5 24. Rfe1 Nb4 25. Qe3 Rf6 26. Rd2 Bxf3 27. gxf3 Rc8 28. a3 Nc6 29. Qd3 Kg8 30. f4 Ne7 31. Qe2 Nc6 32. Rc1 Ne7 33. Rxc8+ Nxc8 34. Qd3 Nd6 35. Rc2 Nf5 36. b4 Nd6 37. Rc5 Qd8 38. Qc3 Rf7 39. a4 1-0

[Event "Titled Tuesday intern op 3rd March"]
[Site "Chess.com INT"]
[Date "2020.03.03"]
[Round "1"]
[White "Haring, Viktor"]
[Black "Burmakin, Vladimir"]
[Result "0-1"]
[WhiteElo "2270"]
[BlackElo "2514"]
[PlyCount "66"]
[EventDate "2020.03.03"]
[EventType "swiss (blitz)"]
[EventRounds "10"]
[EventCountry "USA"]
[SourceTitle "EXT 2021"]
[Source "ChessBase"]
[SourceDate "2020.10.23"]
[SourceVersion "1"]
[SourceVersionDate "2020.10.23"]
[SourceQuality "1"]

1. e4 c6 2. d4 d5 3. exd5 cxd5 4. c4 Nf6 5. Nc3 g6 6. cxd5 Bg7 7. Nge2 Nxd5 8. Nxd5 Qxd5 9. Be3 0-0 10. Nc3 Qa5 11. Bc4 Nc6 12. 0-0 Qb4 13. Qe2 Bg4 14. Qxg4 Qxc4 15. Rfd1 e6 16. Rac1 Rad8 17. Qe2 Qxe2 18. Nxe2 Rd7 19. Rd2 Bf6 20. Rcd1 Rfd8 21. f3 Nb4 22. a3 Nd5 23. Kf2 Rc8 24. Nf4 Nxf4 25. Bxf4 Rd5 26. Ke3 g5 27. Bg3 Kg7 28. Bf2 Kg6 29. Ke2 h5 30. Kd3 Rc7 31. Ke4 Rcd7 32. Be3 Bg7 33. f4 g4 0-1

[Event "SVK-chT 1920"]
[Site "Slovakia"]
[Date "2020.02.29"]
[Round "7.4"]
[White "Haring, Viktor"]
[Black "Likavsky, Tomas"]
[Result "1-0"]
[WhiteElo "2266"]
[BlackElo "2427"]
[PlyCount "85"]
[EventDate "2019.10.19"]
[EventType "team-tourn"]
[EventRounds "11"]
[EventCountry "SVK"]
[SourceTitle "CBM 195 Extra"]
[Source "ChessBase"]
[SourceDate "2020.05.31"]
[SourceVersion "1"]
[SourceVersionDate "2020.05.31"]
[SourceQuality "1"]
[WhiteTeam "Liptov Chess School"]
[BlackTeam "Podhajska Aquamarin"]
[WhiteTeamCountry "SVK"]
[BlackTeamCountry "SVK"]

1. e4 c5 2. Nf3 d6 3. d4 cxd4 4. Nxd4 Nf6 5. Nc3 Nc6 6. Bg5 e6 7. Qd2 a6 8. 0-0-0 Bd7 9. f4 b5 10. Bxf6 gxf6 11. Nxc6 Bxc6 12. f5 b4 13. Ne2 Bxe4 14. Ng3 Bd5 15. fxe6 fxe6 16. Qxb4 Bh6+ 17. Kb1 Rb8 18. Qa4+ Qd7 19. Qxd7+ Kxd7 20. a4 Bb7 21. Bc4 Bf4 22. Ne2 Be5 23. Nd4 d5 24. Bb3 h5 25. Rhe1 Rbg8 26. Re2 Rg4 27. Nf3 Bd6 28. g3 a5 29. Nd4 Re8 30. c3 h4 31. gxh4 Rxh4 32. Rde1 Re4 33. Bc2 Rxe2 34. Rxe2 Be5 35. Nf3 Kd6 36. h4 Bf4 37. Nd4 Re7 38. h5 Bc8 39. Rg2 Bg5 40. Nf3 Be3 41. Rg6 Rf7 42. h6 f5 43. Rg7 1-0

[Event "SVK-chT2C 1920"]
[Site "Slovakia"]
[Date "2020.02.16"]
[Round "9.1"]
[White "Adamko, Peter"]
[Black "Haring, Viktor"]
[Result "0-1"]
[WhiteElo "2059"]
[BlackElo "2270"]
[PlyCount "70"]
[EventDate "2019.10.26"]
[EventType "team-tourn"]
[EventRounds "11"]
[EventCountry "SVK"]
[SourceTitle "CBM 195 Extra"]
[Source "ChessBase"]
[SourceDate "2020.05.31"]
[SourceVersion "1"]
[SourceVersionDate "2020.05.31"]
[SourceQuality "1"]
[WhiteTeam "Zilina Mladost III"]
[BlackTeam "Detva"]
[WhiteTeamCountry "SVK"]
[BlackTeamCountry "SVK"]

1. d4 Nf6 2. Bf4 g6 3. e3 Bg7 4. Be2 0-0 5. h4 h5 6. g4 hxg4 7. Bxg4 Nxg4 8. Qxg4 d6 9. Qg3 Nd7 10. Nf3 e5 11. dxe5 dxe5 12. Nxe5 Nxe5 13. Nc3 Re8 14. h5 c6 15. h6 Bf6 16. Rd1 Qe7 17. Kf1 Qe6 18. h7+ Kh8 19. f3 Qc4+ 20. Kf2 Bf5 21. Rd4 Qc5 22. Rhd1 Bxc2 23. R1d2 Bf5 24. Rd6 Bg7 25. Na4 Qc1 26. e4 Nc4 27. Re2 Qh1 28. Rd3 Rad8 29. Rxd8 Rxd8 30. Re1 Qh3 31. exf5 Bd4+ 32. Ke2 Qxf5 33. Kf1 Nxb2 34. Re4 Nxa4 35. Rxd4 Rxd4 0-1

[Event "SVK-chT 1920"]
[Site "Slovakia"]
[Date "2019.10.19"]
[Round "1.1"]
[White "Haring, Viktor"]
[Black "Matejovic, Juraj"]
[Result "0-1"]
[WhiteElo "2266"]
[BlackElo "2228"]
[PlyCount "116"]
[EventDate "2019.10.19"]
[EventType "team-tourn"]
[EventRounds "11"]
[EventCountry "SVK"]
[SourceTitle "CBM 192 Extra"]
[Source "Chessbase"]
[SourceDate "2019.11.06"]
[SourceVersion "1"]
[SourceVersionDate "2019.11.06"]
[SourceQuality "1"]
[WhiteTeam "Liptov Chess School"]
[BlackTeam "Dunajov Inbest"]
[WhiteTeamCountry "SVK"]
[BlackTeamCountry "SVK"]

1. e4 c5 2. Nf3 e6 3. d4 cxd4 4. Nxd4 Nc6 5. Nc3 Nf6 6. Ndb5 Bb4 7. a3 Bxc3+ 8. Nxc3 d5 9. exd5 exd5 10. Bd3 0-0 11. 0-0 d4 12. Ne2 Qd5 13. Nf4 Qd6 14. Nh5 Ng4 15. Bf4 Qd8 16. Ng3 Qh4 17. Ne4 h6 18. Bg3 Qd8 19. Bc4 Nge5 20. Ba2 Bf5 21. Re1 Re8 22. Qd2 b6 23. f3 Be6 24. Bxe6 Rxe6 25. b3 Qd5 26. c4 Qd7 27. f4 Ng4 28. f5 Ree8 29. f6 Qf5 30. Nd6 Rxe1+ 31. Rxe1 Qxf6 32. Rf1 Qe6 33. Nf5 Ne3 34. Nxe3 dxe3 35. Qd5 Re8 36. Re1 Na5 37. Bf4 Qxd5 38. cxd5 Nxb3 39. Rxe3 Rxe3 40. Bxe3 Kf8 41. Bf4 Ke7 42. Kf2 Na5 43. Bb8 a6 44. Kf3 Nc4 45. a4 g6 46. Ke4 Nb2 47. Bf4 h5 48. a5 bxa5 49. Bc1 Nc4 50. Kd4 Nd6 51. Kc5 Kd7 52. Kb6 Nc4+ 53. Kc5 Ne5 54. Kd4 f6 55. Ba3 a4 56. Kc5 Ng4 57. h3 Ne3 58. g3 Nc2 0-1

[Event "Pardubice Czech op-A 30th"]
[Site "Pardubice"]
[Date "2019.07.27"]
[Round "9"]
[White "Niedbala, Bartlomiej"]
[Black "Haring, Viktor"]
[Result "1/2-1/2"]
[WhiteElo "2152"]
[BlackElo "2278"]
[PlyCount "65"]
[EventDate "2019.07.19"]
[EventType "swiss"]
[EventRounds "9"]
[EventCountry "CZE"]
[SourceTitle "CBM 191"]
[Source "ChessBase"]
[SourceDate "2019.08.31"]
[SourceVersion "1"]
[SourceVersionDate "2019.08.31"]
[SourceQuality "1"]

1. e4 c5 2. Nf3 Nc6 3. Bb5 e6 4. 0-0 Nge7 5. d4 cxd4 6. Nxd4 Nxd4 7. Qxd4 a6 8. Be2 Nc6 9. Qc3 b5 10. a4 b4 11. Qg3 Bb7 12. Nd2 Nd4 13. Bd1 h5 14. c3 h4 15. Qd3 Nc6 16. Nc4 Qc7 17. Be3 Ne5 18. Nxe5 Qxe5 19. Bc2 d5 20. exd5 Bd6 21. f4 Qxd5 22. Qxd5 Bxd5 23. cxb4 Bxb4 24. h3 Rc8 25. Bd3 a5 26. Rac1 Ke7 27. Ba6 Rxc1 28. Rxc1 Bd6 29. Bb5 Rh6 30. Bc6 Rh5 31. Bxd5 Rxd5 32. Kf2 Kf6 33. Rc4 1/2-1/2